| 000 | 00508nam a22001697a 4500 | ||
|---|---|---|---|
| 999 |
_c166464 _d166464 |
||
| 010 | _aENG-126067 | ||
| 020 |
_a978-93-8546-244-3 _c995.00(hb) |
||
| 035 | _aEN-109599 | ||
| 037 | _bDBAD/PUB | ||
| 082 | _a338.954123 | ||
| 100 |
_aKumar, Indra Sen _d2017 |
||
| 245 |
_aBihar/ _cbyIndra Sen Kumar |
||
| 260 |
_aNew Delhi _bAne Books Pvt.Ltd. _c2017 |
||
| 270 | _a4821,Parwana Bhawan 1st Floor 24 Ansari Road, Darya Ganj | ||
| 300 |
_a158p. _b25cm(hb) |
||
| 942 |
_2ddc _cEN _h338.954123 _mKUM |
||